Los orígenes de la enciclopedia /

En esta obra, Franco Venturi estudia el nacimiento y primer desarrollo de una empresa que no fue nunca meramente literaria, sino que se propuso defender la razón contra el prejuicio, las luces contra la superstición, la justicia contra intolerancia.

Guardado en:
Bibliografiske detaljer
Hovedforfatter: Venturi, Franco (autor)
Format: Bog
Sprog:spansk
Udgivet: Barcelona, España : Crítica, 1980
Fag:
Tags: Tilføj Tag
Ingen Tags, Vær først til at tagge denne postø!

MARC

LEADER 00000nam^a2200000^a^4500
001 000000371
005 20250521000000.0
009 20260310083024.13
020 |a 84-7423-122-1 
037 |a Acervo ITESO - Biblioteca 
041 |a ESP 
082 |a 028. 12  |b VEN 
100 |a Venturi, Franco  |e (autor) 
245 1 4 |a Los orígenes de la enciclopedia /  |c F. Venturi ; tr. por Alejandro Pérez. 
264 1 |a Barcelona, España :  |b Crítica,  |c 1980 
300 |a 178 p. 
336 |a texto  |b txt  |2 rdacontenido 
337 |a sin mediación  |b n  |2 rdamedio 
338 |a volumen  |b nc  |2 rdasoporte 
500 |a Traducción de: Le Origini dell'enciclopedia 
520 |a En esta obra, Franco Venturi estudia el nacimiento y primer desarrollo de una empresa que no fue nunca meramente literaria, sino que se propuso defender la razón contra el prejuicio, las luces contra la superstición, la justicia contra intolerancia. 
649 |a XX 
650 |a Enciclopedias y Diccionarios -  |x Historia 
910 |a Fondo General 
920 |a Impresos - Libros 
930 |a Colección General 
905 |a 101 
901 |a 0003710100  |b IT1  |c ACC  |i 000371  |u 20250521 
901 |a 0003710200  |b IT1  |c ACC  |i 906890  |u 20250521 
902 |a https://opac.biblio.iteso.mx/vufind/Record/000000371